| 000 | 00865nam a22002177a 4500 | ||
|---|---|---|---|
| 999 |
_c13640 _d13640 |
||
| 003 | AR-CdUCM | ||
| 008 | 190416b ||||| |||| 00| 0 spa d | ||
| 040 |
_aMUNICIPALIDAD PROVINCIAL DEL CUSCO _cBIBLIOTECA MUNICIPAL DEL CUSCO |
||
| 082 |
_22 ed. _a985.55 / _bA45 |
||
| 100 |
_aAlvarado Alvariño, José _932130 |
||
| 245 | _aLas antiguas tribus yaro-willkas y otras / | ||
| 260 |
_aLima : _bItal Perú, _c1989. |
||
| 300 |
_a60 páginas ; _c20 cm. |
||
| 505 | _aContenido : Mi palabra de presentación y la regia historia de tawantinsuyo -- Opinión valiosa sobre los Yaro Willkas -- Los antiguos Yaro - Willkas - Yauricochas - Chinchaycochas - Chaupiwarangas - Panatawas y otros ... | ||
| 650 |
_aTribus _93030 |
||
| 650 |
_aYaro-willkas _932131 |
||
| 650 |
_aHistoria _9136 |
||
| 710 |
_aConcytec _92809 |
||
| 942 |
_2ddc _cLIBROS |
||
| 945 |
_arah _d16/04/2019 |
||